[Event "Mersin op 5th"]
[Site "Mersin"]
[Date "2021.11.18"]
[Round "4"]
[White "Malakhatko, Vadim"]
[Black "Gulbeyaz, Emir"]
[Result "0-1"]
[WhiteElo "2450"]
[BlackElo "2069"]
[PlyCount "69"]
[EventDate "2021.11.16"]
[EventType "swiss"]
[EventRounds "9"]
[EventCountry "TUR"]
[SourceTitle "CBM 205 Extra"]
[Source "ChessBase"]
[SourceDate "2022.01.31"]
[SourceVersion "1"]
[SourceVersionDate "2022.01.31"]
[SourceQuality "1"]

1. Nf3 Nf6 2. c4 g6 3. Nc3 d5 4. cxd5 Nxd5 5. h4 Bg7 6. e4 Nb6 7. d4 Bg4 8. Be3 Nc6 9. d5 Ne5 10. Be2 Bxf3 11. gxf3 c6 12. Bd4 0-0 13. f4 Ned7 14. Bxg7 Kxg7 15. dxc6 bxc6 16. Qd4+ e5 17. fxe5 c5 18. Qd6 Nc8 19. Qa6 Nxe5 20. f4 Nd7 21. 0-0-0 Ncb6 22. e5 Qe7 23. h5 c4 24. Qb7 Rab8 25. Qg2 Nc5 26. Qh3 Kh8 27. Rd6 Rg8 28. hxg6 fxg6 29. Rh2 Rbd8 30. Nb5 Ne4 31. Rc6 Rg7 32. Qe3 Qb4 33. Nc3 Na4 34. Bxc4 Nexc3 35. bxc3 0-1

[Event "Dhaka Sheikh Russel op"]
[Site "Dhaka"]
[Date "2021.10.27"]
[Round "9"]
[White "Malakhatko, Vadim"]
[Black "Zubarev, Alexander2222"]
[Result "1-0"]
[WhiteElo "2444"]
[BlackElo "2395"]
[PlyCount "83"]
[EventDate "2021.10.19"]
[EventType "swiss"]
[EventRounds "9"]
[EventCountry "BAN"]
[SourceTitle "EXT 2023"]
[Source "ChessBase"]
[SourceDate "2022.10.05"]
[SourceVersion "1"]
[SourceVersionDate "2022.10.05"]
[SourceQuality "1"]

1. d4 Nf6 2. c4 g6 3. Nc3 Bg7 4. e4 d6 5. Be2 0-0 6. Nf3 Nbd7 7. 0-0 e5 8. Qc2 c6 9. Rd1 Qe7 10. d5 c5 11. Bg5 h6 12. Bd2 Ne8 13. g3 f5 14. Nh4 Qf7 15. exf5 gxf5 16. f4 e4 17. Be3 Ndf6 18. Kh1 Bd7 19. Rg1 h5 20. h3 Nc7 21. Raf1 b5 22. b3 bxc4 23. bxc4 Rfb8 24. Nd1 Kf8 25. Bc1 Qg8 26. Ne3 Qh7 27. Rg2 Kf7 28. Rh2 Rh8 29. Rff2 Rab8 30. Rfg2 Nce8 31. Bd1 Rb7 32. Qd2 Rg8 33. Bb3 Bh8 34. Qa5 Kf8 35. Rg1 Ke7 36. Ba4 Bc8 37. Bc6 Rc7 38. Rb2 Rg7 39. Rb8 Rf7 40. Bd2 Kf8 41. Ra8 Ng8 42. Qa4 1-0

[Event "Dhaka Sheikh Russel op"]
[Site "Dhaka"]
[Date "2021.10.23"]
[Round "5"]
[White "Malakhatko, Vadim"]
[Black "Shahil, Dey"]
[Result "1/2-1/2"]
[WhiteElo "2444"]
[BlackElo "2398"]
[PlyCount "153"]
[EventDate "2021.10.19"]
[EventType "swiss"]
[EventRounds "9"]
[EventCountry "BAN"]
[SourceTitle "CBM 204 Extra"]
[Source "ChessBase"]
[SourceDate "2021.11.30"]
[SourceVersion "1"]
[SourceVersionDate "2021.11.30"]
[SourceQuality "1"]

1. d4 d5 2. c4 c6 3. Nf3 Nf6 4. Qb3 e6 5. Bg5 Be7 6. e3 h6 7. Bh4 0-0 8. Nc3 Nbd7 9. Be2 b6 10. 0-0 Bb7 11. cxd5 exd5 12. Nd2 Re8 13. Qc2 Rc8 14. Rad1 a6 15. Qb1 c5 16. dxc5 bxc5 17. Nb3 Qb6 18. Bg3 Bd6 19. Bxd6 Qxd6 20. Qf5 Qb6 21. Rd2 Ne5 22. Rfd1 Qb4 23. Qc2 Qh4 24. h3 d4 25. exd4 cxd4 26. Rxd4 Qg5 27. g3 Nf3+ 28. Bxf3 Bxf3 29. Rf1 Nd5 30. Qd2 Nxc3 31. bxc3 Qb5 32. c4 Rxc4 33. Qf4 Rc3 34. Qd2 Rcc8 35. Qf4 Ba8 36. Nd2 Rc2 37. a4 Qc6 38. f3 Rc1 39. Rxc1 Qxc1+ 40. Nf1 Qc5 41. Qd6 Qc3 42. Rd3 Qc4 43. a5 Qb5 44. g4 Qxa5 45. Ra3 Qb5 46. Qxa6 Qc5+ 47. Kg2 Bd5 48. Re3 Rb8 49. Qe2 Bc6 50. Qd2 h5 51. Rc3 Qb5 52. Qc2 Rc8 53. Qd2 Re8 54. Kf2 Bb7 55. Re3 Rc8 56. Rc3 Qb6+ 57. Kg2 Ra8 58. gxh5 Qe6 59. Re3 Qc4 60. Rc3 Qh4 61. Nh2 Qxh5 62. Rd3 Qg6+ 63. Ng4 Qf5 64. Kg3 Re8 65. Re3 Rc8 66. Rc3 Ra8 67. Rd3 Kh7 68. Rb3 Ba6 69. Rb6 Bc4 70. Rc6 Be6 71. Qc2 Ra3 72. Qxf5+ Bxf5 73. Rc7 Be6 74. Kf2 Bd5 75. Ne3 Be6 76. Ng4 Kg6 77. Rc5 1/2-1/2